The Wall Street journal on marketing

Bibliographic Details
Main Author: Alsop, Ronald
Format: Book
Published: Illinois : Dow Jones Irwin , 1986
Subjects:

MARC

LEADER 00000cam a2200000 7i4500
001 0000002203
005 20220729.0
020 |a 0870948962 
040 |a INS 
090 0 0 |a HF5415.   |b A45 1986 
100 1 |a Alsop, Ronald 
245 1 4 |a The Wall Street journal on marketing   |c Ronald Alsop, Bill Abrams 
260 |a Illinois :   |b Dow Jones Irwin ,   |c 1986 
300 |a 294 p ;   |c 24 cm. 
650 0 0 |a Marketing 
999 |a 0000003776   |b BOOK   |c Open Shelf   |e Default branch